000 01146nam a22002177a 4500
003 BUBTL
008 211208b ||||| |||| 00| 0 eng d
020 _a9789849091851
082 _a954.925/ K5271b/ 2014
100 _94452
_aখান, জিল্লুর রহমান
245 _aবঙ্গবন্ধু শেখ মুজিবের সম্মোহনী নেতৃত্ব ও স্বাধীনতার সংগ্রাম /
_c জিল্লুর রহমান খান
250 _a1st Edn.
260 _aঢাকা :
_bমাওলা ব্রাদার্স,
_cc2014
300 _a284 p.:
_c22 cm.
505 _aবঙ্গবন্ধু শেখ মুজিবের সম্মোহনী নেতৃত্ব ও স্বাধীনতার সংগ্রাম, বঙ্গবন্ধু, শেখ মুজিব, স্বাধীনতা, জিল্লুর রহমান খান
650 0 _93574
_aবঙ্গবন্ধু
650 0 _94372
_aBangabandhu
856 _k0
_l0
_yDownload
942 _2ddc
_cBK
999 _c6604
_d6604